[Event "16th Delhi GM Open 2018"]
[Site "Delhi"]
[Date "2018.01.09"]
[Round "1"]
[White "Varshini, Veileven"]
[Black "Naiditsch, Arkadij"]
[Result "0-1"]
[WhiteElo "2062"]
[BlackElo "2701"]
[Annotator "TA"]
[PlyCount "88"]
[EventDate "2018.??.??"]
[EventType "swiss"]
[EventCountry "IND"]
[SourceTitle "Delhi"]

{[%evp 18,88,49,21,27,24,37,10,23,22,12,0,29,-14,0,-16,-21,-34,-39,-47,-18,-31,0,0,0,-3,0,0,0,0,0,-22,-6,-26,-44,-19,0,0,0,0,0,0,0,0,0,-5,0,0,0,0,0,0,0,0,0,0,0,-50,-45,-247,-202,-537,-545,-1037,-969,-1399,-1362,-12845,-12845,-12846,-12847,-12847,-12847]} 1. e4 c5 2. Nf3 Nc6 3. d4 cxd4 4. Nxd4 Qb6 5. Nb3 Nf6 6. Nc3 e6 7. Be3 Qc7 8. a3 a6 9. Be2 b5 10. O-O {LiveBook: 23 Games} Ne5 {B33: Sicilian: Pelikan and Sveshnikov Variations} 11. f4 Nc4 12. Bxc4 bxc4 {The position is equal.} 13. Nd2 $146 ({Predecessor:} 13. Nd4 Bb7 14. e5 Nd5 15. Nxd5 Bxd5 16. b4 cxb3 17. cxb3 Qb7 18. Rf2 {0-1 (31) Shemyakin,V (2169)-Pridorozhni,A (2575) St Petersburg 2015}) 13... Bb7 14. Qe2 Rc8 15. e5 Nd5 16. Nxd5 Bxd5 17. c3 Rb8 18. Nf3 Qb7 19. Rf2 Bxf3 20. Qxf3 Qxf3 21. gxf3 d5 22. exd6 $1 Bxd6 23. Rd1 Be7 24. Rd4 Bc5 25. Re4 Bxe3 26. Rxe3 $11 {[%mdl 4096] Endgame KRR-KRR} Ke7 27. Re4 Rhc8 28. f5 $1 Rb6 29. Rd2 Rc5 30. fxe6 Rxe6 31. Kf2 Rxe4 32. fxe4 {KR-KR} g5 33. Ke3 h5 34. Kd4 Rc8 {[#] Hoping for ...Rd8+.} 35. Rf2 Ke6 36. e5 Rd8+ 37. Kxc4 g4 38. Rf6+ $2 (38. Re2 $15) 38... Kxe5 $19 39. Rxf7 $2 ({Much worse is} 39. Rxa6 h4 $17) (39. Rh6) 39... Rd2 $1 {[%csl LRb2,LRh2] Black is clearly winning.} 40. h3 {[#]} g3 $1 {[%cal Rg3g2]} 41. Rh7 g2 42. Rxh5+ Kf6 43. Rh6+ Kg7 44. Rh4 g1=Q {Precision: White = 29%, Black = 72%.} 0-1

[Event "16th Delhi GM Open 2018"]
[Site "Delhi"]
[Date "2018.01.09"]
[Round "1"]
[White "Soham, Kamotra"]
[Black "Karthikeyan, Pandiyan"]
[Result "0-1"]
[WhiteElo "2013"]
[BlackElo "1422"]
[PlyCount "58"]
[EventDate "2018.??.??"]
[EventType "swiss"]
[EventCountry "IND"]
[SourceTitle "Delhi"]
[TimeControl "5400+30"]
[WhiteClock "0:58:30"]
[BlackClock "0:52:05"]

1. c4 Nf6 2. g3 e5 3. Bg2 c6 4. d4 {[%emt 0:14:07]} e4 {[%emt 0:09:56]} 5. Nc3 {[%emt 0:01:01]} Bb4 {[%emt 0:00:03]} 6. Qb3 {[%emt 0:01:32]} Bxc3+ {[%emt 0:05:19]} 7. Qxc3 {[%emt 0:00:16]} O-O {[%emt 0:00:30]} 8. Bg5 {[%emt 0:03:02]} Re8 {[%emt 0:01:23]} 9. Nh3 {[%emt 0:00:58]} h6 {[%emt 0:00:49]} 10. Bxf6 Qxf6 11. e3 {[%emt 0:01:29]} d6 {[%emt 0:00:48]} 12. Nf4 {[%emt 0:00:38]} Bg4 {[%emt 0:01:40]} 13. h3 {[%emt 0:01:10]} Bf3 {[%emt 0:00:09]} 14. Bxf3 {[%emt 0:00:10]} exf3 {[%emt 0:00:03]} 15. h4 {[%emt 0:03:54]} Nd7 {[%emt 0:06:32]} 16. O-O-O {[%emt 0:01:25]} Qf5 {[%emt 0:06:29]} 17. Qd3 {[%emt 0:14:18]} Qa5 {[%emt 0:04:42]} 18. Kb1 {[%emt 0:00:09]} Nf6 {[%emt 0:00:13]} 19. Rc1 {[%emt 0:03:16]} Ne4 {[%emt 0:02:24]} 20. Rc2 Qf5 21. Kc1 g5 22. hxg5 hxg5 23. Nh5 Re6 24. Qf1 Rh6 25. Qh3 Qxh3 26. Rxh3 f5 27. Rh1 Kf7 28. g4 fxg4 29. Ng3 Rxh1+ 0-1

[Event "16th Delhi GM Open 2018"]
[Site "Delhi"]
[Date "2018.01.09"]
[Round "2"]
[White "Lalith Babu, M R"]
[Black "Ram, S. Krishnan"]
[Result "1-0"]
[WhiteElo "2542"]
[BlackElo "2223"]
[Annotator "TA"]
[PlyCount "51"]
[EventDate "2018.??.??"]
[EventType "swiss"]
[EventCountry "IND"]

{[%evp 9,51,0,3,10,20,0,0,0,0,0,30,-66,91,83,108,117,117,125,196,170,222,197,194,181,180,213,258,280,281,266,335,206,207,207,681,677,725,717,817,465,448,461,462,457]} 1. c4 e5 2. g3 f5 3. Bg2 Nf6 4. Nf3 (4. Nc3 c6 5. d4 e4 6. Nh3 d5 7. cxd5 cxd5 8. Bg5 Bb4 9. Qb3 Nc6 10. O-O Bxc3 11. bxc3 O-O 12. Nf4 Ne7 13. c4 dxc4 14. Qxc4+ {½-½ (72) Mchedlishvili,M (2601)-Yu,Y (2729) Doha 2016}) 4... e4 5. Ng5 $146 ({Predecessor:} 5. Nd4 d5 6. cxd5 Qxd5 7. Nb3 a5 8. d3 Bb4+ 9. Nc3 Qe5 10. O-O a4 11. Nd2 Be6 12. dxe4 Bxc3 {1-0 (44) Matjushin,G (2425)-Martemianov,I (2254) Dnipropetrovsk 2005}) 5... c6 (5... h6 $5 6. Nh3 $8 Nc6 $11) 6. d3 {A20: English Opening: 1...e5} d5 7. dxe4 fxe4 8. cxd5 {The position is equal.} cxd5 9. O-O Bf5 (9... h6 {looks sharper.} 10. Nh3 Bf5 11. Nc3 Qd7 12. g4 Be6) 10. Nh3 (10. Qb3 $11) 10... Nc6 $2 {[#]} (10... Qd7 $1 $15 {stays ahead.} 11. Bg5 Bxh3 12. Bxh3 Qxh3 13. Bxf6 gxf6 14. Qxd5 Nc6) 11. Bg5 $1 $16 Qd7 {[#]} 12. Nf4 $1 O-O-O 13. Nc3 Be6 (13... d4 $16) 14. Rc1 {And now Qa4 would win.} Kb8 (14... h6 {might work better.}) 15. Nxe6 Qxe6 16. Qb3 Qf5 17. Bxf6 gxf6 18. Rfd1 Bh6 19. e3 Ne5 20. Nb5 {[%cal Bc3b5,Bb5d4,Bd4c6,Bc6d4][%mdl 32]} Rd7 21. Qa4 $40 {[%csl Gb5][%cal Ra4a7][%mdl 128] White wants a kill.} Nc6 $2 {[#]} (21... a6) 22. Rxc6 $1 $18 {[%mdl 512] White is clearly winning.} bxc6 23. Nd4 $1 {[%csl LRc6,LRf5]} Qg4 24. h3 Qg7 25. Nxc6+ Ka8 26. Nd4 {Precision: White = 57%, Black = 32%.} 1-0

[Event "16th Delhi GM Open 2018"]
[Site "Delhi"]
[Date "2018.01.10"]
[Round "2"]
[White "Karthikeyan, P.."]
[Black "Patil, Pratik"]
[Result "1-0"]
[WhiteElo "2497"]
[BlackElo "2217"]
[Annotator "TA"]
[PlyCount "118"]
[EventDate "2018.??.??"]
[EventType "swiss"]
[EventCountry "IND"]

{[%evp 16,118,27,26,75,81,75,40,54,52,112,0,29,0,58,29,29,0,0,0,10,0,0,0,0,0,0,-12,36,23,50,60,62,57,104,91,99,24,95,106,110,86,124,78,131,115,141,122,137,123,277,277,297,298,265,272,372,348,412,416,539,499,484,475,614,613,586,467,669,629,791,775,733,537,584,484,404,329,319,338,377,347,562,501,716,397,456,0,683,0,397,336,375,308,560,559,708,692,654,613,596,0,434,0,502]} 1. Nf3 Nf6 2. c4 g6 3. Nc3 d5 4. cxd5 Nxd5 5. Qb3 Nb6 6. d4 Bg7 7. Bf4 O-O 8. e3 c6 {D90: Grünfeld: 4 Nf3 Bg7 sidelines} (8... Be6 9. Qa3 N8d7 10. Rd1 Nd5 11. Nxd5 Bxd5 12. Be2 c6 13. O-O Re8 14. h3 a5 15. Nd2 Qb6 16. Bc4 {0-1 (48) Pelletier,Y (2574)-Mamedyarov,S (2753) Geneve 2013}) 9. Be2 {LiveBook: 3 Games} N8d7 10. O-O Nf6 {White is better.} 11. Rfd1 $146 ({Predecessor:} 11. Bg3 Be6 12. Qc2 Rc8 13. Rfd1 Nbd5 14. Na4 Bf5 15. Qb3 b5 16. Nc5 {1-0 (86) Krylov,K (2241)-Kitsis,A (2195) St Petersburg 2012}) 11... Be6 12. Qc2 Bc8 (12... Nbd5 $14) 13. Qb3 (13. e4 $16) 13... Be6 $11 14. Qc2 Nbd5 (14... Bc8 $1 $11) 15. Bg3 Bf5 16. Qc1 Nxc3 17. bxc3 Ne4 18. a4 Qa5 19. Ra3 Nxg3 20. hxg3 Rfd8 21. Qb2 Rd7 22. Nd2 {[%cal Bf3d2,Bd2b3,Bb3c5][%mdl 32]} e5 23. Nb3 $36 {[%mdl 2048] White has some pressure.} Qc7 24. Nc5 exd4 25. cxd4 (25. Nxd7 dxc3 26. Rxc3 Bxc3 $15) 25... Re7 26. Bf3 (26. a5 $16) 26... Rd8 (26... b6 $11 {keeps the balance.} 27. Na6 Qc8) 27. Rc1 h5 28. a5 Rd6 29. Qb4 {aiming for Nxb7!} Bc8 (29... Bf8 $142) 30. Rb3 Bf8 31. Rcb1 Rf6 32. Qc3 Kh7 $2 (32... Rd6 $16 {was called for.} 33. e4 Qd8) 33. e4 $18 {[%cal Be3e4,Be4e5][%mdl 32]} Rd6 34. e5 Rd8 35. Be4 Bg7 36. f4 Kg8 37. Kh2 Bf8 38. Nxb7 Bxb7 39. Rxb7 Qxb7 40. Rxb7 Rxb7 41. Bxc6 Rb1 (41... Rc7 $142 42. Qc4 Rdc8) 42. d5 Bb4 43. Qc2 Re1 44. a6 Ba5 45. g4 hxg4 46. Kg3 {Threatens to win with Qf2.} Re3+ 47. Kxg4 Be1 {[#] ( -> ...Rg3+)} 48. f5 $1 {[%cal Bf4f5,Bf5g6][%mdl 32]} Rxe5 $2 (48... Rb8 49. Bb7 (49. fxg6 Rb4+ 50. Kf5 Bc3 $16) 49... Rg3+ 50. Kf4 g5+ 51. Ke4 Rg4+ 52. Kd3 Rg3+ 53. Ke4 Rg4+ 54. Kd3 Rg3+ 55. Kd4 Bc3+ 56. Qxc3 Rxc3 57. Kxc3 Rd8) 49. fxg6 f6 50. Qb1 Kg7 51. Qc2 (51. Qb7+ $142 Kxg6 52. Qxa7) 51... Kg8 52. Qb1 Kg7 $1 53. Qb7+ Kxg6 54. Bd7 Rh8 $2 (54... Bd2 55. Be6 (55. Qxa7 Rg5+ 56. Kf3 Rxd5 $11) 55... f5+ 56. Kf3 Rf8) 55. Be6 {[#] White wants to mate with Qf7+.} Rh7 56. Qb1+ Kh6 {And now ...Rg7+ would win.} 57. Qc1+ Kg7 58. Qb1 Kh6 {...Rg7+ is the strong threat.} 59. Qc1+ Kg7 $1 {Precision: White = 63%, Black = 36%.} 1-0

[Event "16th Delhi GM Open 2018"]
[Site "Delhi"]
[Date "2018.01.10"]
[Round "2"]
[White "Horvath, Adam"]
[Black "Srija, Seshadri"]
[Result "1-0"]
[WhiteElo "2484"]
[BlackElo "2203"]
[Annotator "TA"]
[PlyCount "30"]
[EventDate "2018.??.??"]
[EventType "swiss"]
[EventCountry "IND"]

{[%evp 26,30,39,33,46,14,87]} 1. e4 e5 2. Nf3 Nc6 3. Bc4 Nf6 4. d3 Bc5 5. O-O O-O 6. h3 h6 7. c3 d6 8. Re1 a6 9. Bb3 Ba7 10. Nbd2 Ne7 11. Nf1 Ng6 12. Ng3 Be6 {C54: Giuoco Piano: 4 c3 Nf6, main lines with 5 d4 and 5 d3} 13. d4 Re8 (13... Qd7 14. Bc2 c6 15. Be3 Rfd8 16. Qd2 Qe8 17. Rad1 Bb6 18. c4 Bxc4 19. Qc3 exd4 20. Nxd4 {1-0 (31) Kryvoruchko,Y (2697)-Granda Zuniga,J (2663) Linares 2015}) 14. Be3 {LiveBook: 7 Games} exd4 15. Nxd4 $146 ({Predecessor:} 15. Bxd4 Bxd4 16. cxd4 Nf4 17. Qd2 N6h5 18. Nxh5 Nxh5 19. d5 {1-0 (43) Saric,I (2469)-Fodor,T (2406) Kutina 2007}) 15... c5 (15... Bxb3 $11 {remains equal.} 16. Qxb3 Qd7) 1-0

[Event "16th Delhi GM Open 2018"]
[Site "Delhi"]
[Date "2018.01.10"]
[Round "2"]
[White "Srinath, Rao S. V."]
[Black "Karthikeyan, Murali"]
[Result "0-1"]
[WhiteElo "2270"]
[BlackElo "2580"]
[Annotator "TA"]
[PlyCount "120"]
[EventDate "2018.??.??"]
[EventType "swiss"]
[EventCountry "IND"]

{[%evp 23,120,0,6,0,16,4,6,0,0,3,12,0,9,0,9,10,25,14,24,18,10,14,14,16,23,10,4,7,0,0,0,0,-4,-3,0,-7,0,0,0,-17,-8,-20,-8,-17,0,0,0,0,9,0,0,-12,0,-19,-19,-19,-19,-19,-19,-26,-24,-71,-22,-22,0,-135,-126,-207,-205,-205,-200,-197,-197,-297,-298,-29960,-29961,-29961,-29962,-29961,-29963,-29959,-29964,-29963,-29963,-29963,-29961,-29957,-12839,-29970,-29964,-29976,-29977,-29977,-29978,-29980,-29981,-29981,-29978]} 1. e4 c5 2. c3 Nf6 3. e5 Nd5 4. d4 cxd4 5. Nf3 Nc6 6. cxd4 d6 7. Bc4 Nb6 8. Bb5 dxe5 9. Nxe5 Bd7 10. Nxd7 Qxd7 11. Nc3 Rd8 {B22: Sicilian: 2 c3} 12. Be3 e6 {LiveBook: 13 Games} 13. O-O {[#]} Bb4 $146 {The position is equal.} ({Find the theoretical novelty and annotate with similar games:} 13... Be7 14. Rc1 O-O 15. Na4 Qd5 16. Bxc6 bxc6 17. Nc3 Qa5 18. Qe2 Rd7 19. a3 Bf6 20. Ne4 Bxd4 21. Rxc6 {0-1 (44) Tiviakov,S (2663)-Bu,X (2683) Antalya 2013}) 14. Bxc6 bxc6 15. Qg4 Bxc3 16. bxc3 O-O 17. Rfe1 Kh8 18. Rab1 Nd5 {[%cal Bb6d5,Bd5f6,Bf6g4][%mdl 32]} 19. Bd2 c5 20. dxc5 Nf6 21. Qd4 $1 {[%cal Rd4d7] Qxd7 is the strong threat.} Qc6 22. Qe3 Ng4 23. Qe2 {aiming for Bf4.} Qxc5 24. c4 {And now Bb4 would win.} Qd6 25. Qxg4 Qxd2 26. Qe2 Qa5 27. Rb5 Qc7 28. g3 h6 29. Rc1 Rd6 30. Qb2 Rfd8 31. Qe2 Qc6 32. Rb2 Qc5 33. Qf3 f5 34. Rb5 Qc8 35. Re5 Qc6 36. Qxc6 Rxc6 $11 {[%mdl 4096] Endgame KRR-KRR} 37. Rc2 Kg8 38. f4 Kf7 39. Kf2 Rd4 40. c5 g5 41. Kf3 Ke7 42. Rb2 Ra6 43. Rc2 gxf4 44. gxf4 (44. c6 $11 Ra3+ 45. Ke2 f3+ 46. Kf2) 44... Raa4 $17 45. Rce2 (45. c6 $17 {was necessary.} Rxf4+ 46. Kg3 Rg4+ 47. Kf3) 45... Rxf4+ $19 46. Kg3 Rg4+ 47. Kf2 Raf4+ 48. Ke1 {[#]} (48. Ke3 $142) 48... Re4 $1 49. R5xe4 $2 (49. Kd2 $19 Rxe2+ 50. Rxe2) 49... Rxe4 ({Not} 49... fxe4 50. Kf2 $15) 50. Rxe4 fxe4 {KP-KP} 51. Ke2 {[#]} Kf6 $1 {[%cal Rf6e5]} 52. Ke3 Ke5 53. c6 Kd6 54. Kxe4 Kxc6 {K3P-KPP} 55. Ke5 Kd7 56. a4 Ke7 {Black mates.} 57. h3 a5 58. h4 h5 59. Kd4 Kd6 60. Kc4 e5 {Precision: White = 44%, Black = 65%.} 0-1

[Event "16th Delhi GM Open 2018"]
[Site "Delhi"]
[Date "2018.01.10"]
[Round "2"]
[White "Dodeja, Pawan"]
[Black "Tran, Tuan Minh"]
[Result "0-1"]
[WhiteElo "2239"]
[BlackElo "2548"]
[Annotator "TA"]
[PlyCount "75"]
[EventDate "2018.??.??"]
[EventType "swiss"]
[EventCountry "IND"]

{[%evp 25,75,0,0,-15,-15,-17,-19,-20,-12,-22,-25,-32,-33,-34,-31,-34,-35,-33,-27,-23,-24,-34,-34,-35,-18,-89,-70,-100,-114,-114,-109,-120,-85,-134,-96,-115,-108,-118,-80,-119,-130,-119,-84,-126,-89,-135,-126,-175,-171,-198,-212,-166]} 1. d4 Nf6 2. c4 e6 3. g3 c5 4. d5 exd5 5. cxd5 d6 6. Nc3 g6 7. Nf3 Bg7 8. Bg2 O-O {[%cal Bh8f8,Bf8e8,Be8e5][%mdl 32]} 9. O-O Re8 10. Nd2 Nbd7 11. Nc4 {A62: Modern Benoni: Fianchetto Variation without early ...Nbd7} (11. h3 a6 12. a4 Rb8 13. Nc4 Ne5 14. Na3 Nh5 15. Bd2 Bd7 16. Rb1 f5 17. b4 Qc7 18. bxc5 Qxc5 19. Qb3 Nxg3 20. Rfc1 Nf7 21. e3 Bxc3 22. fxg3 Bxd2 23. Rxc5 Bxe3+ {0-1 (79) Grachev,B (2654)-Morozevich,A (2676) Sochi 2017}) 11... Ne5 12. Nxe5 Rxe5 13. Bf4 Re8 {LiveBook: 5 Games} 14. h3 a6 15. a4 {[#]} Nd7 $146 ({Predecessor:} 15... Nh5 16. Bd2 Rb8 17. a5 Bd7 18. Qc2 b5 19. axb6 Qxb6 20. Ra2 Bb5 21. Ne4 Qd8 22. Re1 h6 23. g4 Nf6 24. Ng3 Nd7 25. Ne4 Nf6 26. Ng3 Nd7 27. Ne4 Nf6 {½-½ (27) Sinanan,J (2258)-Sevillano,E (2507) Las Vegas 2010}) 16. Ne4 Ne5 17. Bg5 f6 {[%cal Bf7f6,Bf6f5][%mdl 32]} 18. Bd2 Bf5 19. Bc3 Qd7 20. h4 Bxe4 21. Bxe4 f5 22. Bg2 b5 23. axb5 axb5 {[%cal Ba6b5,Bb5b4][%mdl 32]} 24. b3 Qe7 25. Qd2 (25. Rxa8 $11 {keeps the balance.} Rxa8 26. Qc2) 25... b4 $36 {[%mdl 2048] Black fights for an advantage.} 26. Bb2 Ng4 27. Bf3 Bxb2 28. Qxb2 Qe5 29. Qc1 Nf6 30. Rxa8 Rxa8 31. h5 Kf7 32. hxg6+ hxg6 {[%cal Bh7g6,Bg6g5][%mdl 32]} 33. Kg2 Rg8 34. Qg5 Ne4 (34... Nxd5 {[#]} 35. Ra1 $1 $11 {[%mdl 512]}) 35. Qc1 Rh8 36. Qc2 Kf6 ({Much less strong is} 36... Qxd5 37. Rd1 $17) 37. Qd3 g5 38. Kg1 {Precision: White = 48%, Black = 78%.} 0-1

[Event "16th Delhi GM Open 2018"]
[Site "Delhi"]
[Date "2018.01.09"]
[Round "2"]
[White "Lokesh, N.."]
[Black "Nguyen, Duc Hoa"]
[Result "1/2-1/2"]
[WhiteElo "2200"]
[BlackElo "2490"]
[Annotator "TA"]
[PlyCount "85"]
[EventDate "2018.??.??"]
[EventType "swiss"]
[EventCountry "IND"]

{[%evp 25,85,-4,-13,-22,-15,-18,-14,-103,-100,-99,-81,-80,-82,-102,-81,-165,-162,-164,-169,-154,-36,-41,-34,-50,-23,-97,-10,-29,-31,-32,-6,-8,-5,-5,-8,-8,-6,-49,-49,-49,-49,-49,-49,-49,-40,-39,-46,-46,-40,-49,0,0,0,0,0,0,0,0,0,0,0,0]} 1. e4 c5 2. Nf3 Nc6 3. Nc3 e6 4. d4 cxd4 5. Nxd4 Qc7 6. Be2 a6 7. O-O Nf6 8. Kh1 d6 9. f4 Be7 10. Bf3 O-O 11. g4 Nd7 {B84: Sizilianisch (Scheveninger System)} 12. g5 Nxd4 13. Qxd4 b5 {LiveBook: 5 Partien} 14. f5 {Mit der Idee f6!} (14. a4 bxa4 15. Rxa4 Bb7 16. f5 Ne5 17. Bg2 Rfe8 18. Qf2 Bf8 19. Bf4 {½-½ (63) Dvoirys,S (2554)-Geller,J (2535) Samara 2011}) 14... Bb7 15. Bg2 Qd8 $146 ({Vorgänger:} 15... exf5 16. Rxf5 Rac8 17. Rf2 Qc4 18. Qxc4 Rxc4 19. Bf4 {½-½ (49) Iosif,C (2140)-Marin,I (2261) Romania 1992}) 16. f6 (16. a4 $11) 16... gxf6 $17 17. gxf6 Bxf6 18. Qxd6 Be5 19. Qd2 Rc8 20. Qf2 (20. a3 $17) 20... b4 $19 21. Ne2 {[%cal Bc3e2,Be2d4,Bd4e6][%mdl 32]} Rxc2 22. Bf4 Qc7 (22... Bxf4 $17 23. Qxf4 Qc7) 23. Bh6 $1 $15 Bg7 (23... Bxh2 24. Bf3 $16) 24. Bxg7 Kxg7 25. Rad1 (25. Qd4+ $11 e5 26. Qd3) 25... f6 ({Lieber} 25... Kg8 $17) 26. Nd4 Rxf2 27. Nxe6+ Kf7 {[#] Droht ...Txf1+ und aus.} 28. Nxc7 Rxf1+ 29. Bxf1 Ne5 {und nun wäre ...Tc8 stark für Schwarz.} 30. Nxa6 Bxe4+ 31. Bg2 Nd3 {[#] ...Tg8 ist eine echte Drohung.} 32. Rf1 Bxg2+ 33. Kxg2 {[%mdl 4096] Endspiel KTS-KTS} Ra8 34. Rd1 Nf4+ 35. Kf3 Rxa6 36. Kxf4 Rxa2 {KT-KT} 37. Rd2 Ra5 38. Rd7+ {Die Stellung ist ausgeglichen.} Kg6 39. Rb7 Ra4 40. b3 Ra2 41. h3 Ra8 42. Kg3 h5 43. Kh4 {Precision: Weiß = 52%, Schwarz = 64%.} 1/2-1/2

[Event "16th Delhi GM Open 2018"]
[Site "Delhi"]
[Date "2018.01.10"]
[Round "3"]
[White "Akash Pc, Iyer"]
[Black "Neelash Saha"]
[Result "1/2-1/2"]
[WhiteElo "2415"]
[BlackElo "2105"]
[Annotator "TA"]
[PlyCount "137"]
[EventDate "2018.??.??"]
[EventType "swiss"]
[EventCountry "IND"]

{[%evp 21,137,0,0,0,22,0,30,0,24,-8,0,0,0,0,0,0,46,0,0,0,59,25,76,33,14,0,25,-26,0,-121,8,0,0,-111,9,0,7,-97,21,0,0,-77,20,0,0,-85,0,0,0,0,0,0,0,-10,-9,-4,53,45,76,0,0,0,0,-118,0,-20,0,0,0,0,0,0,-3,-32,0,0,0,0,0,0,1047,0,0,0,1008,0,0,0,0,-1464,0,0,0,0,0,-1416,0,0,0,0,0,0,79,74,64,82,113,-17,-15,-15,-24,-22,-20,-29994,0,0,0,-29]} 1. Nf3 Nf6 2. g3 b5 3. Bg2 Bb7 4. O-O e6 5. d3 d5 6. Nbd2 Be7 7. c4 bxc4 8. dxc4 c5 9. cxd5 exd5 10. b3 Nbd7 11. Bb2 O-O 12. Qc2 {E17: Queen's Indian: 4 g3 Bb7 5 Bg2 Be7} Rc8 13. Rfd1 Ra8 14. Rf1 {White has an edge.} Rc8 15. Rfd1 Qc7 16. Rac1 Rfe8 $146 ({Predecessor:} 16... Rfd8 17. b4 {1-0 (58) Dancevski,O (2388)-Ismaili,V (1902) Struga 2013}) 17. e3 Qb8 18. Bh3 Red8 19. Bg2 Re8 20. Bh3 (20. Re1 $11) 20... Red8 $14 21. Qb1 Qa8 (21... Rc6 $11) 22. Nh4 (22. Ng5 $5 {[%cal Rh3d7]}) 22... Rc6 23. Ndf3 g6 24. Ba1 (24. Ng2 $142) 24... Rd6 25. Bb2 (25. Ne5 $11) 25... Rc6 (25... d4 $1 $17 {And now ...Be4 would win.} 26. Ne1 dxe3 27. fxe3 Be4) 26. Ba1 Rd6 27. Bb2 (27. Ne5 $11 {keeps the balance.}) 27... Rc6 (27... d4 $1 $17 28. Bg2 dxe3 29. fxe3 Be4) 28. Ba1 Rd6 29. Bb2 (29. Ne5 $11 {remains equal.}) 29... Rc6 (29... d4 $1 $17 30. Bg2 dxe3 31. fxe3 Be4) 30. Ba1 Rd6 31. Bb2 (31. Ne5 $11) 31... Rc6 (31... d4 $17 {Strongly threatening ...Be4.} 32. Bg2 dxe3 33. fxe3 Be4) 32. Ba1 (32. Ng2 $11) 32... Rd6 $17 33. Bb2 Rc6 (33... d4 $17 34. Bg2 dxe3 35. fxe3 Be4) 34. Ba1 Rd6 35. Ne5 Nxe5 36. Bxe5 Rc6 37. Ba1 Ne4 38. Nf3 Bc8 ({Black should try} 38... Rcd6 $11) 39. Bg2 $1 $14 ({Don't go for} 39. Qb2 $2 Bf6 $19) 39... f6 40. Nd2 (40. Qc2 $16) 40... Ng5 $11 41. Rf1 Bh3 42. Rfd1 (42. Bxh3 $11 Nxh3+ 43. Kg2) 42... Bc8 (42... Bxg2 $17 43. Kxg2 Re6) 43. Rf1 Bh3 44. Bxh3 Nxh3+ 45. Kg2 Ng5 46. h4 Nf7 47. Nf3 Re6 48. h5 g5 {Threatens to win with ...d4.} 49. Qf5 Rb6 50. Kg1 Re6 $2 {[%mdl 8192]} (50... a5 $11) 51. Kg2 Rb6 52. Kg1 Re6 53. Kg2 $2 (53. Qxe6 $18 Qb7 54. Bxf6 Bxf6 55. Qxf6) 53... Rb6 54. Kg1 $40 {[%mdl 128] White attacks.} Nh6 55. Kg2 $2 {[%mdl 8192]} (55. Qd3 $11) 55... Nf7 $2 (55... Nxf5 $19 56. Rfe1 d4) 56. Kg1 Nh6 57. Qd3 Qc8 58. Qf5 $2 {[%mdl 8192]} (58. e4 $11) 58... Qa8 $2 (58... Qxf5 $19 59. Ne1 Ra6) 59. Qd3 Qc8 60. e4 d4 {[#]} 61. Nxd4 $1 {[%mdl 512]} Qh3 (61... Rb4 $1 $11 62. Qc2 Rbxd4 63. Bxd4 Rxd4) (61... cxd4 62. Rxc8) 62. Qc4+ $16 Kf8 63. Nf3 {e5 is the strong threat.} Qxh5 64. Qc3 (64. Kg2 $1 $16) 64... Rbd6 $11 {White must now prevent ...Rd3.} 65. Nh2 $1 Rd3 66. Qc4 Ng4 {[%csl Gg4][%cal Rh5h2]} 67. Nf3 $2 {[%mdl 8192]} (67. Nxg4 $11 Qxg4 68. Kg2) 67... Nh6 $2 (67... Rxf3 {mates} 68. Kg2 {[#]} Ne3+ $1 {[%mdl 512]} 69. Kg1 Rd2 70. Qe2 Rxe2 71. e5 Rxg3+ $1 {[%mdl 512]} 72. fxg3 Qh2#) 68. Nh2 Ng4 69. Nxg4 {Precision: White = 39%, Black = 43%.} 1/2-1/2